000 00602nam a2200181Ii 4500
003 JO-AjNU
008 230606s9999||||xx |||||||||||||| ||und||
040 _aJO-AjNU
_beng
_erda
_cJO-AjNU
041 _aeng
050 1 4 _aPA3626.P6 1946
245 0 0 _aEleven Plays of the Greek dramatists: Aeschylus. Sophocles. Euripides and Aristophanes
264 3 1 _aNew York: The Universal library grosset& dunlap,1946
300 _a360p
336 _atext
_btxt
_2rdacontent
337 _aunmediated
_bn
_2rdamedia
338 _avolume
_bnc
_2rdacarrier
650 4 _a Greek drama - Translations into English
_95576
999 _aE2885
_c2883
_d2883